[Event "Perth AUS Open"]
[Site "?"]
[Date "2023.01.10"]
[Round "11.9"]
[White "Kelly, Adam"]
[Black "Teh Rui Gen"]
[Result "1/2-1/2"]
[WhiteElo "2006"]
[BlackElo "2028"]
[PlyCount "64"]
[EventDate "2023.01.??"]
[EventRounds "11"]
[EventCountry "AUS"]
[SourceVersionDate "2023.01.02"]

1. d4 Nf6 2. c4 e6 3. g3 Bb4+ 4. Nd2 c5 5. a3 Bxd2+ 6. Qxd2 cxd4 7. Nf3 d5 8. cxd5 Qxd5 9. Qxd4 Nc6 10. Qxd5 Nxd5 11. Bg2 Ke7 12. e4 Nb6 13. e5 Nc4 14. Bg5+ f6 15. exf6+ gxf6 16. Bc1 Rd8 17. b3 Nb6 18. Bd2 Rd3 19. Rb1 e5 20. O-O Be6 21. Be3 Rad8 22. Rfc1 Rxb3 23. Rxb3 Bxb3 24. Rb1 Rd1+ 25. Rxd1 Bxd1 26. Nd2 Bc2 27. Ne4 Nc4 28. Bc5+ Ke6 29. Nc3 Nd6 30. Bxc6 bxc6 31. Bxa7 Nb5 32. Nxb5 cxb5 1/2-1/2

[Event "Perth AUS Open"]
[Site "?"]
[Date "2023.01.10"]
[Round "11.10"]
[White "Salasan, Haran"]
[Black "Li Hui"]
[Result "1-0"]
[WhiteElo "2002"]
[BlackElo "1956"]
[PlyCount "87"]
[EventDate "2023.01.??"]
[EventRounds "11"]
[EventCountry "AUS"]
[SourceVersionDate "2023.01.02"]

1. d4 d5 2. Bf4 Nf6 3. e3 c5 4. Nf3 Nc6 5. Nbd2 cxd4 6. exd4 Bf5 7. Bb5 e6 8. O-O Qb6 9. c4 Be7 10. Qa4 a6 11. Ne5 O-O 12. Bxc6 bxc6 13. Nxc6 Rfe8 14. c5 Qxb2 15. Nb3 Bf8 16. Rfe1 Ne4 17. Be3 Nc3 18. Qa5 f6 19. Bd2 Ne4 20. Rad1 Rac8 21. Nb4 Nc3 22. Rc1 Nb5 23. Qxa6 Nc7 24. Qa5 e5 25. Bc3 Ra8 26. Bxb2 Rxa5 27. Nxa5 Ra8 28. Nac6 Bd7 29. dxe5 fxe5 30. Nxe5 Bf5 31. Nec6 Bd7 32. Ne7+ Kf7 33. Nexd5 Nxd5 34. Nxd5 Rxa2 35. Be5 Ra5 36. Nb6 Bc6 37. Bd6 Ra7 38. Bxf8 Kxf8 39. Re6 Bb5 40. c6 Kf7 41. Rd6 Ke8 42. Re1+ Kf8 43. Rd8+ Kf7 44. Rd7+ 1-0

[Event "Perth AUS Open"]
[Site "?"]
[Date "2023.01.10"]
[Round "11.11"]
[White "Bassig, Hamish"]
[Black "King, David"]
[Result "1/2-1/2"]
[WhiteElo "1973"]
[BlackElo "1740"]
[PlyCount "93"]
[EventDate "2023.01.??"]
[EventRounds "11"]
[EventCountry "AUS"]
[SourceVersionDate "2023.01.02"]

1. d4 d5 2. Nf3 Nf6 3. Bf4 c5 4. e3 Nc6 5. Nbd2 e6 6. c3 Bd6 7. Bg3 O-O 8. Bd3 b6 9. e4 Be7 10. e5 Nh5 11. Ng5 Bxg5 12. Qxh5 g6 13. Qe2 cxd4 14. h4 Bxd2+ 15. Qxd2 dxc3 16. bxc3 d4 17. c4 Qe7 18. Rb1 Bb7 19. h5 g5 20. h6 Kh8 21. Rh5 Rg8 22. Kf1 Rac8 23. Rc1 Ba6 24. f4 Na5 25. Rxg5 Nxc4 26. Rxg8+ Kxg8 27. Bxc4 Rxc4 28. Rxc4 Bxc4+ 29. Kg1 Qa3 30. Kh2 d3 31. f5 Kf8 32. Bh4 Ke8 33. Qg5 Kd7 34. Qd8+ Kc6 35. Qe8+ Kb7 36. Qxf7+ Ka6 37. Qc7 Qxa2 38. Be1 exf5 39. Qc8+ Kb5 40. Qxf5 d2 41. Qd7+ Ka6 42. Bxd2 Be6 43. Qd3+ Qc4 44. Qa3+ Kb7 45. Qe3 Qg4 46. Be1 Bd5 47. Bg3 1/2-1/2

[Event "Perth AUS Open"]
[Site "?"]
[Date "2023.01.10"]
[Round "11.12"]
[White "Nguyen Hong Anh"]
[Black "Weller, Tony"]
[Result "1-0"]
[WhiteElo "1954"]
[BlackElo "1639"]
[PlyCount "65"]
[EventDate "2023.01.??"]
[EventRounds "11"]
[EventCountry "AUS"]
[SourceVersionDate "2023.01.02"]

1. d4 Nf6 2. c4 e5 3. dxe5 Ng4 4. Nf3 Nc6 5. Bf4 Bb4+ 6. Nc3 Qe7 7. Qd5 Bxc3+ 8. bxc3 f6 9. exf6 Nxf6 10. Qd3 d6 11. e3 O-O 12. Be2 Ne4 13. O-O Bf5 14. Qd5+ Qe6 15. Nd4 Qxd5 16. cxd5 Nxd4 17. cxd4 a6 18. Rac1 g5 19. Bg3 Nxg3 20. hxg3 Rf7 21. f3 Re8 22. e4 Bc8 23. Rc3 b5 24. Bd3 Bb7 25. Rb1 Rc8 26. a4 c6 27. dxc6 Rxc6 28. Rxc6 Bxc6 29. axb5 Bxb5 30. Bxb5 axb5 31. Rxb5 h6 32. Rb6 Rd7 33. f4 1-0

[Event "Perth AUS Open"]
[Site "?"]
[Date "2023.01.10"]
[Round "11.13"]
[White "Li, Tedric"]
[Black "Maris, Rob"]
[Result "1/2-1/2"]
[WhiteElo "1688"]
[BlackElo "1925"]
[PlyCount "36"]
[EventDate "2023.01.??"]
[EventRounds "11"]
[EventCountry "AUS"]
[SourceVersionDate "2023.01.02"]

1. d4 Nf6 2. c4 e6 3. Nc3 Bb4 4. e3 O-O 5. Bd3 d5 6. Nf3 dxc4 7. Bxc4 b6 8. O-O Bb7 9. a3 Be7 10. Qe2 c5 11. Rd1 cxd4 12. exd4 Nd5 13. Nxd5 Bxd5 14. Bf4 Nc6 15. Rac1 Rc8 16. Ne5 Bxc4 17. Rxc4 Na5 18. Rxc8 Qxc8 1/2-1/2

[Event "Perth AUS Open"]
[Site "?"]
[Date "2023.01.10"]
[Round "11.14"]
[White "Holland, Dennis"]
[Black "Koh, Shannon"]
[Result "1-0"]
[WhiteElo "1899"]
[BlackElo "1541"]
[PlyCount "51"]
[EventDate "2023.01.??"]
[EventRounds "11"]
[EventCountry "AUS"]
[SourceVersionDate "2023.01.02"]

1. d4 Nf6 2. Nf3 g6 3. Bf4 Bg7 4. e3 c5 5. c3 Qb6 6. Qb3 d5 7. dxc5 Qxc5 8. Qb5+ Nbd7 9. Nbd2 O-O 10. Nb3 Qxb5 11. Bxb5 a6 12. Be2 Re8 13. Bc7 Ne4 14. Nfd2 Nxd2 15. Nxd2 b6 16. O-O e5 17. Bd6 d4 18. Bf3 Ra7 19. exd4 exd4 20. Rfe1 Rxe1+ 21. Rxe1 dxc3 22. Re8+ Bf8 23. bxc3 Bb7 24. Bxf8 Nxf8 25. Re7 Ra8 26. Rxb7 1-0

[Event "Perth AUS Open"]
[Site "?"]
[Date "2023.01.10"]
[Round "11.15"]
[White "Gunawan, Tjermin"]
[Black "Norris, Damian"]
[Result "1-0"]
[WhiteElo "1593"]
[BlackElo "1890"]
[PlyCount "81"]
[EventDate "2023.01.??"]
[EventRounds "11"]
[EventCountry "AUS"]
[SourceVersionDate "2023.01.02"]

1. d4 Nf6 2. Nf3 e6 3. e3 c5 4. b3 Nc6 5. Bb2 cxd4 6. exd4 Bb4+ 7. Nbd2 d5 8. Bd3 O-O 9. O-O Qc7 10. Ne5 Bd6 11. f4 Nb4 12. Rf3 Nxd3 13. Rxd3 Bd7 14. c4 b6 15. Rc1 Qb7 16. c5 bxc5 17. dxc5 Bxe5 18. fxe5 Ne8 19. c6 Bxc6 20. Ba3 Qa6 21. Nb1 Bb5 22. Rh3 Be2 23. Qc2 f5 24. Bxf8 Kxf8 25. Qc6 Qxc6 26. Rxc6 Ke7 27. Kf2 Bg4 28. Rhc3 a5 29. Na3 a4 30. b4 Rb8 31. b5 Kd7 32. h3 Bh5 33. b6 g5 34. Nb5 f4 35. Nc7 d4 36. R3c4 d3 37. Ke1 f3 38. g4 Bg6 39. Nxe6 d2+ 40. Kxd2 f2 41. Nf8+ 1-0

[Event "Perth AUS Open"]
[Site "?"]
[Date "2023.01.10"]
[Round "11.16"]
[White "Young, Micah"]
[Black "Baneshi, Kiamehr"]
[Result "1/2-1/2"]
[WhiteElo "1845"]
[BlackElo "1671"]
[PlyCount "54"]
[EventDate "2023.01.??"]
[EventRounds "11"]
[EventCountry "AUS"]
[SourceVersionDate "2023.01.02"]

1. e4 c5 2. Nf3 Nc6 3. c3 Nf6 4. e5 Nd5 5. d4 cxd4 6. cxd4 d6 7. Bc4 Nb6 8. Bb3 dxe5 9. Nxe5 Nxe5 10. dxe5 Qxd1+ 11. Bxd1 Bf5 12. O-O e6 13. Be3 Bd3 14. Re1 Bb4 15. Bd2 Bxd2 16. Nxd2 Ke7 17. Bf3 Rab8 18. Rac1 Rhc8 19. Nb3 Bc4 20. Nd4 Bd5 21. Nb5 Bxf3 22. gxf3 Rxc1 23. Rxc1 Rc8 24. Rxc8 Nxc8 25. f4 a6 26. Nd4 Nb6 27. Kg2 Kd7 1/2-1/2

[Event "Perth AUS Open"]
[Site "?"]
[Date "2023.01.10"]
[Round "11.17"]
[White "Ellis, David"]
[Black "Lee, Alexandre KM"]
[Result "1-0"]
[WhiteElo "1770"]
[BlackElo "1558"]
[PlyCount "119"]
[EventDate "2023.01.??"]
[EventRounds "11"]
[EventCountry "AUS"]
[SourceVersionDate "2023.01.02"]

1. Nf3 Nf6 2. g3 g6 3. b4 Bg7 4. Bb2 O-O 5. Bg2 d6 6. O-O e5 7. c4 Nc6 8. b5 Ne7 9. d3 Nd7 10. Nc3 f5 11. Ng5 Nc5 12. Nd5 h6 13. Nxe7+ Qxe7 14. Nh3 g5 15. f3 Bd7 16. d4 exd4 17. Bxd4 Bxd4+ 18. Qxd4 Qxe2 19. f4 g4 20. Bd5+ Be6 21. Rfe1 Qd3 22. Qxd3 Nxd3 23. Rxe6 c6 24. bxc6 bxc6 25. Bxc6 gxh3 26. Bxa8 Rxa8 27. Rd1 Nb2 28. Rdxd6 Nxc4 29. Rd7 Rb8 30. Re1 a6 31. Kf2 a5 32. Re2 Kh8 33. Rc2 Na3 34. Rcd2 Rb1 35. Ra7 Rb8 36. Re2 Nc4 37. Rc2 Nd6 38. Rxa5 Ne4+ 39. Ke3 Re8 40. Re5 Rf8 41. g4 Nf6 42. gxf5 Ng4+ 43. Ke4 Nxe5 44. fxe5 Ra8 45. f6 Kg8 46. Kf5 Ra5 47. Kg6 Ra8 48. Rd2 Kf8 49. e6 Rb8 50. e7+ Ke8 51. Rd8+ Rxd8 52. exd8=Q+ Kxd8 53. f7 Ke7 54. Kg7 h5 55. f8=Q+ Kd7 56. Qf6 Kc7 57. Qe6 h4 58. Kf7 Kb7 59. Qd6 Ka7 60. Qb4 1-0

[Event "Perth AUS Open"]
[Site "?"]
[Date "2023.01.10"]
[Round "11.19"]
[White "Teh Hui Lam"]
[Black "Kinsman, Craig C"]
[Result "1-0"]
[WhiteElo "1706"]
[BlackElo "1986"]
[PlyCount "57"]
[EventDate "2023.01.??"]
[EventRounds "11"]
[EventCountry "AUS"]
[SourceVersionDate "2023.01.02"]

1. e4 c5 2. Nc3 Nc6 3. f4 g6 4. Nf3 Bg7 5. a4 e6 6. e5 d6 7. Bb5 Nge7 8. Ne4 dxe5 9. fxe5 O-O 10. Nf6+ Kh8 11. d4 Nxd4 12. c3 Nxb5 13. Qxd8 Rxd8 14. Ng5 Rf8 15. axb5 Bxf6 16. exf6 Nd5 17. O-O b6 18. Ra4 e5 19. Rh4 h5 20. h3 Bf5 21. g4 Bd3 22. Rf2 Rad8 23. gxh5 Kg8 24. c4 Nb4 25. Nf3 Rfe8 26. hxg6 Bxg6 27. Bh6 e4 28. Bg7 Bh7 29. Ng5 1-0

[Event "Perth AUS Open"]
[Site "?"]
[Date "2023.01.10"]
[Round "11.20"]
[White "Phillips, Max"]
[Black "Saxon, Marc"]
[Result "0-1"]
[WhiteElo "1506"]
[BlackElo "1813"]
[PlyCount "72"]
[EventDate "2023.01.??"]
[EventRounds "11"]
[EventCountry "AUS"]
[SourceVersionDate "2023.01.02"]

1. e4 g6 2. d4 Bg7 3. Be3 d6 4. Nf3 Nc6 5. Bb5 Bd7 6. O-O e5 7. c3 a6 8. Ba4 Nf6 9. Nbd2 O-O 10. h3 Re8 11. Bg5 h6 12. Bxf6 Bxf6 13. d5 Ne7 14. Bc2 Bg7 15. Nh2 f5 16. exf5 gxf5 17. Qh5 Kh8 18. g4 Nxd5 19. gxf5 Nf4 20. Qg4 h5 21. Qf3 Bc6 22. Ne4 Qh4 23. Kh1 d5 24. Qg3 Qxg3 25. Nxg3 h4 26. f6 Bxf6 27. Nf5 d4+ 28. f3 d3 29. Bb3 e4 30. Ng4 Bg5 31. Kh2 Ne2 32. Nf2 Bf4+ 33. Kh1 Ng3+ 34. Nxg3 hxg3 35. Nxe4 Rxe4 36. fxe4 Bxe4+ 0-1

[Event "Perth AUS Open"]
[Site "?"]
[Date "2023.01.10"]
[Round "11.21"]
[White "Rozuwiecka, Anna"]
[Black "Huang Hui"]
[Result "1-0"]
[WhiteElo "1798"]
[BlackElo "1514"]
[PlyCount "45"]
[EventDate "2023.01.??"]
[EventRounds "11"]
[EventCountry "AUS"]
[SourceVersionDate "2023.01.02"]

1. d4 Nf6 2. c4 g6 3. Nc3 d5 4. cxd5 Nxd5 5. Na4 Bg7 6. e4 Nb6 7. Be3 O-O 8. Rc1 Nc6 9. Nf3 Bg4 10. d5 Ne5 11. Be2 Nxf3+ 12. gxf3 Nxa4 13. Qxa4 Bd7 14. Bb5 c6 15. dxc6 bxc6 16. Bxc6 Bxc6 17. Rxc6 Qd7 18. h4 Bxb2 19. Rxg6+ hxg6 20. Qxd7 Bc3+ 21. Kf1 Bf6 22. Kg2 Rfd8 23. Qg4 1-0

[Event "Perth AUS Open"]
[Site "?"]
[Date "2023.01.10"]
[Round "11.23"]
[White "Hardegen, Kathryn"]
[Black "Gao, Arthur"]
[Result "0-1"]
[WhiteElo "1887"]
[BlackElo "1754"]
[PlyCount "82"]
[EventDate "2023.01.??"]
[EventRounds "11"]
[EventCountry "AUS"]
[SourceVersionDate "2023.01.02"]

1. d4 Nf6 2. c4 g6 3. Nc3 Bg7 4. e4 d6 5. Nf3 O-O 6. Be2 e5 7. d5 a5 8. O-O Nfd7 9. Be3 Qe8 10. Qd2 Nc5 11. Bh6 f5 12. Bxg7 Kxg7 13. exf5 gxf5 14. Qg5+ Qg6 15. Qxg6+ hxg6 16. Ng5 Rh8 17. f4 Kf6 18. Nh3 Bd7 19. fxe5+ dxe5 20. Nf2 Kg7 21. b3 Nba6 22. Rad1 Nb4 23. Nd3 Nbxd3 24. Bxd3 b6 25. Bc2 Nb7 26. Rde1 e4 27. Ne2 Nd6 28. Nd4 a4 29. g3 axb3 30. axb3 Ra2 31. Ra1 Rha8 32. Rxa2 Rxa2 33. h4 Nf7 34. Kf2 Ne5 35. Ke3 Ng4+ 36. Kd2 Kf6 37. Kc3 Ke5 38. Re1 b5 39. Nf3+ Kd6 40. Nd2 b4+ 41. Kxb4 Rxc2 0-1

[Event "Perth AUS Open"]
[Site "?"]
[Date "2023.01.10"]
[Round "11.24"]
[White "Umasankar, Naveen Ramnat"]
[Black "Lakner, Jay"]
[Result "1/2-1/2"]
[WhiteElo "1573"]
[BlackElo "2060"]
[PlyCount "47"]
[EventDate "2023.01.??"]
[EventRounds "11"]
[EventCountry "AUS"]
[SourceVersionDate "2023.01.02"]

1. e4 e6 2. d4 d5 3. e5 c5 4. c3 Nc6 5. Nf3 Qb6 6. a3 a5 7. Bd3 Bd7 8. Bc2 f6 9. O-O fxe5 10. dxe5 c4 11. Nbd2 Nh6 12. b3 cxb3 13. Nxb3 Nf7 14. Re1 a4 15. Nbd4 Nxd4 16. cxd4 Bb5 17. Rb1 Qa6 18. Ng5 Nxg5 19. Bxg5 g6 20. Qg4 Kd7 21. Qf3 Kc7 22. Rec1 Kb8 23. Qf6 Bxa3 24. Qxh8+ {The final result, a draw, is not a typo.} 1/2-1/2

[Event "Perth AUS Open"]
[Site "?"]
[Date "2023.01.10"]
[Round "11.25"]
[White "Vlietstra, Marc"]
[Black "Rice, Lauren"]
[Result "1/2-1/2"]
[WhiteElo "2007"]
[BlackElo "1594"]
[PlyCount "57"]
[EventDate "2023.01.??"]
[EventRounds "11"]
[EventCountry "AUS"]
[SourceVersionDate "2023.01.02"]

1. e4 c5 2. Nf3 Nc6 3. Bb5 g6 4. O-O Bg7 5. Re1 d6 6. h3 e5 7. c3 Qb6 8. Ba4 Nge7 9. d3 O-O 10. Nbd2 h6 11. a3 Be6 12. b4 cxb4 13. axb4 a6 14. Bb3 Bxb3 15. Nxb3 f5 16. d4 fxe4 17. Rxe4 d5 18. Re1 e4 19. Nh2 Nd8 20. f3 Qc7 21. Bd2 exf3 22. Nxf3 b6 23. Qe2 Nf5 24. Rxa6 Rxa6 25. Qxa6 Nd6 26. Qd3 Ne4 27. c4 Qxc4 28. Qxc4 dxc4 29. Rxe4 1/2-1/2

[Event "Perth AUS Open"]
[Site "?"]
[Date "2023.01.10"]
[Round "11.26"]
[White "Novakovic, Velibor"]
[Black "Marriott, Max"]
[Result "1-0"]
[WhiteElo "1911"]
[BlackElo "1533"]
[PlyCount "100"]
[EventDate "2023.01.??"]
[EventRounds "11"]
[EventCountry "AUS"]
[SourceVersionDate "2023.01.02"]

1. e4 c6 2. d4 d5 3. exd5 cxd5 4. Bd3 Nf6 5. Nf3 Bg4 6. Bf4 Nc6 7. c3 Bxf3 8. Qxf3 e6 9. O-O Bd6 10. Nd2 O-O 11. Bg5 Be7 12. Rfe1 h6 13. Bf4 Bd6 14. Re2 Qc7 15. Bxd6 Qxd6 16. Rae1 Rfe8 17. Qh3 a6 18. Nf3 Qf4 19. Ne5 Nxe5 20. dxe5 Nd7 21. Qh5 Nc5 22. Bb1 Re7 23. Re3 b5 24. Qe2 Rc8 25. b3 Rec7 26. g3 Qg5 27. f4 Qe7 28. f5 exf5 29. Bxf5 Ne6 30. Qf3 Qa3 31. Qxd5 Rc5 32. Qd2 Rd8 33. Rd3 Rxd3 34. Bxd3 Rc8 35. Kg2 Qc5 36. c4 Rd8 37. Qe3 Qxe3 38. Rxe3 Nc5 39. Bf1 b4 40. Kf3 Kf8 41. Ke2 Ke7 42. Bg2 a5 43. Bd5 Ne6 44. h4 g5 45. hxg5 hxg5 46. Kf3 Rh8 47. Bxe6 Kxe6 48. Re2 f5 49. exf6+ Kxf6 50. Rd2 Ra8 1-0

[Event "Perth AUS Open"]
[Site "?"]
[Date "2023.01.10"]
[Round "11.27"]
[White "Arthur, James"]
[Black "Andador, Dominador"]
[Result "0-1"]
[WhiteElo "1534"]
[BlackElo "1886"]
[PlyCount "52"]
[EventDate "2023.01.??"]
[EventRounds "11"]
[EventCountry "AUS"]
[SourceVersionDate "2023.01.02"]

1. e4 d6 2. d4 Nf6 3. Nc3 Nbd7 4. Be3 e5 5. d5 c5 6. a4 Qa5 7. f3 a6 8. Bd2 Qd8 9. Nb1 Nh5 10. Nh3 Be7 11. Na3 O-O 12. Qe2 b5 13. a5 c4 14. b4 cxb3 15. cxb3 Nc5 16. Rb1 Bxh3 17. gxh3 Nf4 18. Bxf4 exf4 19. Nc2 f5 20. b4 Bh4+ 21. Kd2 Na4 22. Nd4 Qf6 23. Qd3 fxe4 24. fxe4 Bf2 25. Nf5 Rac8 26. Qf3 Be3+ 0-1

[Event "Perth AUS Open"]
[Site "?"]
[Date "2023.01.10"]
[Round "11.28"]
[White "Janceski, Alex"]
[Black "Taylor, Noah"]
[Result "1/2-1/2"]
[WhiteElo "1821"]
[BlackElo "1525"]
[PlyCount "154"]
[EventDate "2023.01.??"]
[EventRounds "11"]
[EventCountry "AUS"]
[SourceVersionDate "2023.01.02"]

1. d4 Nf6 2. Nf3 d5 3. g3 Bf5 4. Bg2 Qd7 5. O-O Nc6 6. c3 Bh3 7. Re1 h5 8. Bg5 Ne4 9. Nbd2 Bxg2 10. Kxg2 Nxg5 11. Nxg5 h4 12. Nf1 f6 13. Nf3 hxg3 14. fxg3 e5 15. e4 O-O-O 16. exd5 Qxd5 17. dxe5 Nxe5 18. Qxd5 Rxd5 19. Nxe5 fxe5 20. Re4 Bc5 21. Rae1 Rf8 22. R1e2 Rd1 23. Ne3 Bxe3 24. R4xe3 Re8 25. Kf3 Rb1 26. h4 Kd7 27. Kg4 Re6 28. Kg5 Kd6 29. Rd2+ Ke7 30. Kf5 c6 31. Red3 Rf1+ 32. Kg5 Rf7 33. Rd7+ Kf8 34. Rxf7+ Kxf7 35. Kf5 g6+ 36. Ke4 Ke7 37. g4 b5 38. b4 a6 39. a4 bxa4 40. Ra2 Rf6 41. Kxe5 Rf3 42. Ra3 Rh3 43. Kf4 Kf6 44. g5+ Kg7 45. Kg4 Rd3 46. Kf4 Rh3 47. Rxa4 Rxc3 48. Rxa6 Rc4+ 49. Ke5 Rxh4 50. Rxc6 Rxb4 51. Rd6 Rb5+ 52. Rd5 Rb6 53. Rd7+ Kg8 54. Re7 Rb5+ 55. Kf6 Kf8 56. Re6 Rb1 57. Rc6 Kg8 58. Kxg6 Rb8 59. Kh6 Ra8 60. Rc7 Rb8 61. g6 Ra8 62. Re7 Rb8 63. Kg5 Ra8 64. Kf6 Ra6+ 65. Re6 Rxe6+ 66. Kxe6 Kg7 67. Kf5 Kg8 68. Kg5 Kg7 69. Kh5 Kg8 70. Kg5 Kg7 71. Kf5 Kg8 72. Kf6 Kf8 73. Ke6 Kg7 74. Kf5 Kg8 75. Kg5 Kg7 76. Kh5 Kg8 77. Kh6 Kh8 1/2-1/2

[Event "Perth AUS Open"]
[Site "?"]
[Date "2023.01.10"]
[Round "11.29"]
[White "Pimenov, Alex"]
[Black "Arthur, Matthew"]
[Result "1/2-1/2"]
[WhiteElo "1800"]
[BlackElo "1605"]
[PlyCount "44"]
[EventDate "2023.01.??"]
[EventRounds "11"]
[EventCountry "AUS"]
[SourceVersionDate "2023.01.02"]

1. d4 d5 2. Nf3 Nf6 3. Bg5 e6 4. c4 Be7 5. e3 c6 6. Nc3 O-O 7. Bd3 Nbd7 8. O-O b6 9. cxd5 exd5 10. Rc1 Bb7 11. Re1 c5 12. b3 Ne4 13. Bxe7 Qxe7 14. Nd2 Ndf6 15. dxc5 Nxc5 16. Bf1 Rad8 17. Nf3 Nfe4 18. b4 Nxc3 19. Rxc3 Ne4 20. Rb3 Rc8 21. Nd4 Nd6 22. Qb1 Nc4 1/2-1/2

[Event "Perth AUS Open"]
[Site "?"]
[Date "2023.01.10"]
[Round "11.30"]
[White "Gao, Oscar"]
[Black "Rafiei Darani, Daryoush"]
[Result "1-0"]
[WhiteElo "1727"]
[BlackElo "1504"]
[PlyCount "101"]
[EventDate "2023.01.??"]
[EventRounds "11"]
[EventCountry "AUS"]
[SourceVersionDate "2023.01.02"]

1. e4 c6 2. d4 d5 3. Nc3 dxe4 4. Nxe4 Nd7 5. Nf3 Ngf6 6. Nxf6+ Nxf6 7. c3 Bg4 8. h3 Bxf3 9. Qxf3 e6 10. Bc4 Be7 11. O-O O-O 12. Bf4 Nd5 13. Be5 Bd6 14. Rfe1 a5 15. Rad1 Bxe5 16. dxe5 Qe7 17. Bd3 g6 18. Qg3 Kg7 19. f4 f5 20. c4 Nb4 21. Bb1 Qc5+ 22. Kh2 Rad8 23. a3 Na6 24. Qc3 Kf7 25. Kg3 Ke7 26. Bc2 Rxd1 27. Rxd1 Rd8 28. Rxd8 Kxd8 29. Qd2+ Ke7 30. Bb3 Nc7 31. Kh4 Kf7 32. Qd7+ Qe7+ 33. Qxe7+ Kxe7 34. Kg5 Kf7 35. Kh6 Kg8 36. Bc2 Na6 37. h4 Nc5 38. b4 axb4 39. axb4 Ne4 40. h5 Kf7 41. Kxh7 gxh5 42. Kh6 Nd2 43. Bd3 Ne4 44. Kxh5 Nc3 45. g4 fxg4 46. Kxg4 Na2 47. b5 cxb5 48. cxb5 Nb4 49. Bc4 Ke7 50. f5 exf5+ 51. Kxf5 1-0

[Event "Perth AUS Open"]
[Site "?"]
[Date "2023.01.10"]
[Round "11.31"]
[White "Ho, Lachlan"]
[Black "Li, Ian"]
[Result "1-0"]
[WhiteElo "1703"]
[BlackElo "1341"]
[PlyCount "97"]
[EventDate "2023.01.??"]
[EventRounds "11"]
[EventCountry "AUS"]
[SourceVersionDate "2023.01.02"]

1. e4 e6 2. d4 d5 3. Nd2 c5 4. dxc5 Bxc5 5. Nb3 Bb6 6. exd5 Nf6 7. Nf3 Nxd5 8. Bb5+ Bd7 9. Bxd7+ Nxd7 10. O-O O-O 11. c4 N5f6 12. Bg5 h6 13. Bh4 Qe7 14. Qe2 Rac8 15. Rac1 Rfd8 16. Rfd1 Nc5 17. Nbd4 Rd7 18. Ne5 Rxd4 19. Rxd4 Nb3 20. axb3 Bxd4 21. Nf3 Bb6 22. h3 Rd8 23. Rd1 Rxd1+ 24. Qxd1 g5 25. Bg3 Ne4 26. Kf1 Nxg3+ 27. fxg3 Qc5 28. Qe2 Qd6 29. g4 Qf4 30. Qc2 e5 31. c5 Bc7 32. Ke2 Qb4 33. Qc4 Qxc4+ 34. bxc4 a5 35. Kd3 f6 36. Ke4 Kf7 37. Kf5 Bb8 38. Nd2 Ba7 39. Ne4 Bb8 40. b3 Bc7 41. Nxf6 Bd8 42. Nd5 e4 43. Kxe4 Ke6 44. Ne3 Be7 45. Nf5 Bf8 46. Nd4+ Kf6 47. Kd5 Be7 48. Nf5 Bf8 49. Nd6 1-0

[Event "Perth AUS Open"]
[Site "?"]
[Date "2023.01.10"]
[Round "11.32"]
[White "Barry, David"]
[Black "Manganas, Alexander"]
[Result "0-1"]
[WhiteElo "1647"]
[BlackElo "1155"]
[PlyCount "90"]
[EventDate "2023.01.??"]
[EventRounds "11"]
[EventCountry "AUS"]
[SourceVersionDate "2023.01.02"]

1. e4 e6 2. d4 d5 3. Nc3 Nf6 4. e5 Nfd7 5. f4 c5 6. Nf3 Nc6 7. Be3 Qb6 8. a3 c4 9. Rb1 Be7 10. Be2 O-O 11. O-O f6 12. Kh1 fxe5 13. fxe5 Ndxe5 14. Nxe5 Rxf1+ 15. Qxf1 Nxe5 16. Qf2 Nf7 17. Bh5 g6 18. Rf1 Nh8 19. Bg5 Qd8 20. Bxe7 Qxe7 21. Bg4 Bd7 22. Qe3 Re8 23. Re1 Qd6 24. Ne2 Nf7 25. Qf2 Nh6 26. Bh3 Rf8 27. Qe3 Nf5 28. Bxf5 exf5 29. Ng1 Re8 30. Qf2 Rxe1 31. Qxe1 Ba4 32. Nf3 Bxc2 33. Qe8+ Kg7 34. Ng5 Qf6 35. Qd7+ Kh6 36. h4 Kh5 37. Nf3 Be4 38. Qxh7+ Kg4 39. Ne5+ Kg3 40. Qxg6+ Qxg6 41. Nxg6 Bxg2+ 42. Kg1 Bf3 43. Ne7 Be4 44. h5 f4 45. Nc8 f3 0-1

[Event "Perth AUS Open"]
[Site "?"]
[Date "2023.01.10"]
[Round "11.33"]
[White "Sheridan, Wallace"]
[Black "Allison, Brian C"]
[Result "0-1"]
[WhiteElo "1461"]
[BlackElo "1624"]
[PlyCount "128"]
[EventDate "2023.01.??"]
[EventRounds "11"]
[EventCountry "AUS"]
[SourceVersionDate "2023.01.02"]

1. d4 f5 2. Bg5 g6 3. e3 Bg7 4. h4 c5 5. c3 Qb6 6. Qb3 Qxb3 7. axb3 cxd4 8. exd4 Nf6 9. Nd2 O-O 10. Bc4+ e6 11. Ngf3 h6 12. Bf4 Nc6 13. Bd6 Rf7 14. Ne5 Nxe5 15. Bxe5 d5 16. Bd3 Bd7 17. O-O Ne4 18. Nf3 a6 19. Bxg7 Rxg7 20. b4 g5 21. hxg5 hxg5 22. b5 a5 23. Ne5 Nd2 24. Rfe1 Be8 25. b6 g4 26. c4 Nb3 27. Ra3 Nxd4 28. cxd5 exd5 29. Rc3 Nc6 30. Nxc6 Bxc6 31. Bxf5 d4 32. Rd3 g3 33. f3 Rg5 34. Be6+ Kg7 35. Bc4 Rh8 36. Re7+ Kf8 37. Rf7+ Ke8 38. Rxd4 Re5 39. Rd1 Bb5 40. Rc7 Rh4 41. Bf7+ Kf8 42. Rd8+ Be8 43. Rxe8+ Rxe8 44. Bxe8 Kxe8 45. Rxb7 Rc4 46. Rc7 Ra4 47. Kf1 Kd8 48. Rg7 Ra1+ 49. Ke2 Rb1 50. Ke3 Rxb2 51. b7 a4 52. Kf4 a3 53. b8=Q+ Rxb8 54. Ra7 Rb2 55. Kxg3 a2 56. Kh3 Kc8 57. g4 Kb8 58. Ra3 Kc7 59. Kg3 Kd6 60. Kf4 Ke6 61. Ra4 Rb4+ 62. Rxb4 a1=Q 63. Re4+ Kf7 64. Kf5 Qf6# 0-1

[Event "Perth AUS Open"]
[Site "?"]
[Date "2023.01.10"]
[Round "11.34"]
[White "Ong, Celine"]
[Black "Dagza, Ben"]
[Result "1/2-1/2"]
[WhiteElo "1376"]
[BlackElo "1726"]
[PlyCount "51"]
[EventDate "2023.01.??"]
[EventRounds "11"]
[EventCountry "AUS"]
[SourceVersionDate "2023.01.02"]

1. e4 d6 2. d4 Nf6 3. Nc3 c6 4. f4 Qa5 5. Bd3 e5 6. Nf3 Bg4 7. Be3 Nbd7 8. O-O Be7 9. h3 Bxf3 10. Qxf3 O-O 11. Ne2 c5 12. fxe5 dxe5 13. d5 b5 14. b3 Rac8 15. Ng3 c4 16. Nf5 Bc5 17. Bxc5 Rxc5 18. Ne7+ Kh8 19. Nc6 Qb6 20. Kh1 cxd3 21. Qxd3 b4 22. c4 bxc3 23. b4 Qb5 24. Qc2 Rc4 25. Qd3 Rc5 26. Qc2 1/2-1/2

[Event "Perth AUS Open"]
[Site "?"]
[Date "2023.01.10"]
[Round "11.35"]
[White "Wolstencroft, Alan"]
[Black "Shen, Fiona"]
[Result "1/2-1/2"]
[WhiteElo "1702"]
[BlackElo "1625"]
[PlyCount "97"]
[EventDate "2023.01.??"]
[EventRounds "11"]
[EventCountry "AUS"]
[SourceVersionDate "2023.01.02"]

1. e4 c5 2. Nf3 d6 3. d4 cxd4 4. Nxd4 Nf6 5. Nc3 a6 6. Be3 e6 7. f3 b5 8. Qd2 b4 9. Nce2 e5 10. Nb3 a5 11. Ng3 Be7 12. Bb5+ Bd7 13. Bxd7+ Qxd7 14. O-O O-O 15. Rad1 Rd8 16. Bb6 Rc8 17. Bxa5 Nc6 18. Bb6 Rxa2 19. Nf5 Rxb2 20. Qc1 Ra2 21. Qb1 Ra3 22. Bc5 d5 23. Nxe7+ Nxe7 24. Bxb4 Raa8 25. Bxe7 Qxe7 26. exd5 Ne8 27. Rd2 Ra6 28. Re1 Rh6 29. g3 Rc3 30. Qd1 Qa7+ 31. Kg2 Qb8 32. Qe2 f6 33. f4 Qc8 34. Kg1 Qh3 35. Qg2 Qf5 36. fxe5 fxe5 37. Rf2 Qh5 38. Rfe2 Nd6 39. Rxe5 Qg6 40. R5e2 Qg4 41. Nd2 Qd4+ 42. Qf2 Qxf2+ 43. Rxf2 Rxc2 44. Re6 Ra2 45. Rxh6 gxh6 46. Rf6 Ne8 47. Rf2 Nd6 48. Rf6 Ne8 49. Rf2 1/2-1/2